Strategic management : (Record no. 21376)

MARC details
000 -LEADER
fixed length control field 00516nam a22001817a 4500
003 - CONTROL NUMBER IDENTIFIER
control field OSt
008 - FIXED-LENGTH DATA ELEMENTS--GENERAL INFORMATION
fixed length control field 260221b2026 |||||||| |||| 00| 0 eng d
020 ## - INTERNATIONAL STANDARD BOOK NUMBER
International Standard Book Number 9789364443586
082 ## - DEWEY DECIMAL CLASSIFICATION NUMBER
Classification number 658.4012
Item number SHU-S
100 ## - MAIN ENTRY--PERSONAL NAME
Personal name Shukla, Shantam
245 ## - TITLE STATEMENT
Title Strategic management :
Remainder of title text and cases /
Statement of responsibility, etc Shantam Shukla and Shashwat Shukla
260 ## - PUBLICATION, DISTRIBUTION, ETC. (IMPRINT)
Place of publication, distribution, etc Chennai :
Name of publisher, distributor, etc McGraw Hill Education,
Date of publication, distribution, etc 2026.
300 ## - PHYSICAL DESCRIPTION
Extent / Pages xx, 427 p. ;
650 ## - SUBJECT ADDED ENTRY--TOPICAL TERM
Topical term or geographic name as entry element Strategic planning
650 ## - SUBJECT ADDED ENTRY--TOPICAL TERM
Topical term or geographic name as entry element Management
700 ## - ADDED ENTRY--PERSONAL NAME
Personal name Shukla, Shashwat
942 ## - ADDED ENTRY ELEMENTS (KOHA)
Source of classification or shelving scheme
Koha item type Books
Holdings
Withdrawn status Lost status Source of classification or shelving scheme Damaged status Not for loan Home library Current library Date acquired Source of acquisition Currency Cost, normal purchase price Full call number Barcode Date last seen Copy number Bill Date Koha item type Bill Number
          SOBD Library SOBD Library 17/02/2026 All Inida Book House INR 750.00 658.4012 SHU-S1 007234 21/02/2026 1 17/02/2026 Reference Books NA/IN/1928
          SOBD Library SOBD Library 17/02/2026 All Inida Book House INR 750.00 658.4012 SHU-S2 007235 21/02/2026 2 17/02/2026 Books NA/IN/1928
          SOBD Library SOBD Library 17/02/2026 All Inida Book House INR 750.00 658.4012 SHU-S3 007236 21/02/2026 3 17/02/2026 Books NA/IN/1928
          SOBD Library SOBD Library 17/02/2026 All Inida Book House INR 750.00 658.4012 SHU-S4 007237 21/02/2026 4 17/02/2026 Books NA/IN/1928
          SOBD Library SOBD Library 17/02/2026 All Inida Book House INR 750.00 658.4012 SHU-S5 007238 21/02/2026 5 17/02/2026 Books NA/IN/1928
Hosted, Implemented, Customized & Maintained by: BestBookBuddies

Powered by Koha